000 01186nam a2200325 i 4500
001 bg
100 1 _aBOLTON, David
_d(1943- )
245 1 0 _aGramatyka języka angielskiego z ćwiczeniami /
_cDavid Bolton, Mats Oscarson, Lennart Peterson ; [tł. Jadwiga Fisiak].
246 _iTyt. oryg.:
_aBasic working grammar
260 _aPoznań :
_b"LektorKlett",
_c2001.
300 _aVII, [1], 270 s. :
_bfot., rys., tab. ;
_c25 cm.
490 1 _aPons : naucz się sam
500 _aTyt. oryg.: "Basic working grammar". Na okł. podtyt.: dla początkujących i średnio zaawansowanych : nauka lub powtórka - szybko i skutecznie.
504 _aIndeks.
650 9 _aJęzyk angielski
_xgramatyka
655 _aPodręczniki
700 1 _aOSCARSON, Mats
700 1 _aPETERSON, Lennart
700 1 _aFISIAK, Jadwiga.
_eTł.
830 0 _aPons
015 _aPB 16914/2004
020 _a8388507915
040 _cBPK
041 1 _apoleng
_heng
080 _a811.111'36(07)
920 _a83-88507-91-5
942 _cKS
008 s pl f |000 0 pol
999 _c46640
_d46640